000 00538 a2200193 4500
005 20240711155451.0
008 240711b |||||||| |||| 00| 0 eng d
020 _a9789354666193
_cRs. 495.00
040 _aMAIN
082 _a615.19
_bJ199I
100 _aJain, N K
245 _aIntroduction to pharmaceutical product development
260 _bCBS Publishers and Distributors
_c2024
_aNew Delhi
300 _a349
650 _aPharmacy
650 _aPharmaceutical Product Development
650 _aDrug Development
942 _cBK
999 _c311708
_d311708